zpět

Detail výsledku týmu

U Lucerny ST, Brno

Datum a čas kvízu

27.5 Celkem bodů Celkový počet nahraných bodů na tomto kvízu bez doplňovacích otázek.
10. Pořadí na kvízu Konečné umístění týmu na tomto kvízu.

Zaznamenané odpovědi

# Otázka Odpověď Body Výsledky
1. V sobotu začal na pražském Výs... Matějská pouť 0
2. V úterý se v metropoli jedné b... v Rijádu 1
3. Minulý týden jsme se dozvěděli... Post Malone 1
4. Cestovatelský server Tripadvis... Řecko 1
5. Minulý týden v pátek se konalo... Connor McDavid 0
6. Nyní se od aktualit přesuneme... 1C 2B 3A 4D 1
7. Uveďte odborný název pro skupi... ichtyosauři 1
8. Většina fosilií dinosaurů byla... Burianosaurus augustai 0.5
9. Americký spisovatel a scenáris... Michael Crichton 0
10. Na fotce vidíme mumii a rekons... Ötzi 1